000 00410nam a2200145 i 4500
001 146114
003 ES-MaACL
005 20230906201423.0
007 t|
008 070903s1902 xxu ||||1| eng d
100 1 _aTracy, W. W.
_9111209
245 1 0 _aA. List of american varities of peppers /
_cby W.W. Tracy.
260 _aWashington :
_bGovermment Printing Office,
_c1902.
852 _aES-MaACL
_jT-1167-F-6
999 _c146114
_d146114